Statistiques concernant Méchants Disney par Emojis

Cliquez ici pour prendre le quiz!

Statistiques générales

  • Ce quiz a été pris 3 038 fois
  • Le résultat moyen est 6 sur 10

Statistiques - réponses

EmojisJeux% Correct
Capitaine Crochet
97%
Scar
89%
Cruella d'Enfer
87%
Ursula
71%
Reine-sorcière
61%
Shere Khan
51%
Maléfique
45%
Gaston
28%
Sa Sucrerie/Turbo
17%
Madame Médusa
9%

Distribution des résultats

Percentile par nombre de réponses

% des personnes avec chaque résultat

Votre développement - résultats

Vous n’avez pas pris ce quiz